Losowe hiszpańskie liczebniki 0-100 - Statystyki

Ogólne statystyki
  • Ten quiz został rozwiązany 225 razy
  • Średni wynik to 10 z 14
Statystyki odpowiedzi
Liczba Liczebnik % Poprawnych
2 dos
100%
94 noventa y cuatro
100%
81 ochenta y uno
100%
62 sesenta y dos
100%
3 tres
100%
4 cuatro
94%
44 cuarenta y cuatro
93%
7 siete
92%
1 uno
92%
12 doce
91%
97 noventa y siete
91%
40 cuarenta
88%
46 cuarenta y seis
86%
19 diecinueve
86%
10 diez
86%
15 quince
86%
30 treinta
86%
5 cinco
85%
61 sesenta y uno
85%
92 noventa y dos
83%
83 ochenta y tres
83%
68 sesenta y ocho
83%
38 treinta y ocho
83%
18 dieciocho
82%
9 nueve
82%
34 treinta y cuatro
82%
16 dieciséis
81%
95 noventa y cinco
80%
98 noventa y ocho
80%
23 veintitrés
80%
22 veintidós
79%
52 cincuenta y dos
78%
59 cincuenta y nueve
78%
45 cuarenta y cinco
78%
89 ochenta y nueve
78%
65 sesenta y cinco
78%
69 sesenta y nueve
78%
79 setenta y nueve
78%
43 cuarenta y tres
77%
88 ochenta y ocho
77%
6 seis
77%
67 sesenta y siete
77%
63 sesenta y tres
77%
14 catorce
75%
56 cincuenta y seis
75%
8 ocho
75%
77 setenta y siete
75%
36 treinta y seis
75%
33 treinta y tres
75%
29 veintinueve
75%
28 veintiocho
75%
58 cincuenta y ocho
73%
99 noventa y nueve
73%
87 ochenta y siete
73%
78 setenta y ocho
73%
73 setenta y tres
73%
42 cuarenta y dos
71%
41 cuarenta y uno
71%
91 noventa y uno
71%
17 diecisiete
70%
13 trece
70%
26 veintiséis
70%
11 once
69%
76 setenta y seis
69%
31 treinta y uno
68%
0 cero
67%
50 cincuenta
67%
54 cincuenta y cuatro
67%
57 cincuenta y siete
67%
90 noventa
67%
93 noventa y tres
67%
60 sesenta
67%
70 setenta
67%
35 treinta y cinco
67%
39 treinta y nueve
67%
37 treinta y siete
67%
80 ochenta
65%
96 noventa y seis
64%
74 setenta y cuatro
64%
20 veinte
64%
27 veintisiete
64%
49 cuarenta y nueve
63%
71 setenta y uno
63%
86 ochenta y seis
62%
48 cuarenta y ocho
60%
47 cuarenta y siete
60%
75 setenta y cinco
59%
64 sesenta y cuatro
58%
21 veintiuno
58%
100 cien
56%
51 cincuenta y uno
56%
82 ochenta y dos
56%
66 sesenta y seis
55%
72 setenta y dos
54%
32 treinta y dos
53%
84 ochenta y cuatro
50%
24 veinticuatro
50%
55 cincuenta y cinco
44%
85 ochenta y cinco
44%
25 veinticinco
44%
53 cincuenta y tres
42%
Nie znaleziono quizów pasujących do podanych kryteriów
Rozkład punktacji
Procent ludzi z każdym wynikiem
Percentyl według liczby udzielonych odpowiedzi
Twoja historia wyników
Nie rozwiązałeś tego quizu